<?xml version="1.0" encoding="UTF-8"?>
<record
    xmlns:xsi="http://www.w3.org/2001/XMLSchema-instance"
    xsi:schemaLocation="http://www.loc.gov/MARC21/slim http://www.loc.gov/standards/marcxml/schema/MARC21slim.xsd"
    xmlns="http://www.loc.gov/MARC21/slim">

  <leader>00347nam a2200133Ia 4500</leader>
  <controlfield tag="005">20251013221656.0</controlfield>
  <controlfield tag="008">251010s9999    xx            000 0 und d</controlfield>
  <datafield tag="041" ind1=" " ind2=" ">
    <subfield code="a">mar</subfield>
  </datafield>
  <datafield tag="100" ind1=" " ind2=" ">
    <subfield code="a">&#x915;&#x93E;&#x928;&#x947;&#x91F;&#x915;&#x930;  &#x935;.</subfield>
    <subfield code="9">214532</subfield>
  </datafield>
  <datafield tag="245" ind1=" " ind2=" ">
    <subfield code="a">&#x928;&#x93F;&#x935;&#x921;&#x915; &#x915;&#x935;&#x93F;&#x924;&#x93E; &#x917;&#x93F;&#x930;&#x940;&#x936;</subfield>
  </datafield>
  <datafield tag="250" ind1=" " ind2=" ">
    <subfield code="a">1ST</subfield>
  </datafield>
  <datafield tag="260" ind1=" " ind2=" ">
    <subfield code="b">Indrayani</subfield>
    <subfield code="c">1993</subfield>
  </datafield>
  <datafield tag="300" ind1=" " ind2=" ">
    <subfield code="a">141</subfield>
  </datafield>
  <datafield tag="999" ind1=" " ind2=" ">
    <subfield code="c">368824</subfield>
    <subfield code="d">368824</subfield>
  </datafield>
  <datafield tag="952" ind1=" " ind2=" ">
    <subfield code="0">0</subfield>
    <subfield code="1">0</subfield>
    <subfield code="4">0</subfield>
    <subfield code="7">0</subfield>
    <subfield code="a">SSMM</subfield>
    <subfield code="b">SSMM</subfield>
    <subfield code="d">2014-05-16</subfield>
    <subfield code="g">60.00</subfield>
    <subfield code="i">282</subfield>
    <subfield code="l">0</subfield>
    <subfield code="p">SSMM-ABK-010000828</subfield>
    <subfield code="r">2025-10-13 22:16:56</subfield>
    <subfield code="w">1997-02-12</subfield>
    <subfield code="y">BK</subfield>
    <subfield code="z">ABK010000828</subfield>
  </datafield>
</record>
